| 000 | 00583nam a2200181 a 4500 | ||
|---|---|---|---|
| 005 | 20230601063818.0 | ||
| 008 | 991125s1990 mx 000 0 spa u | ||
| 020 | _a9686382135 | ||
| 035 | _aUPN01000055375 | ||
| 049 | _aCG | ||
| 050 | 4 |
_aF1356 _bT34 |
|
| 245 | 0 | 0 |
_aTamaulipas : _btextos de su historia 1810-1921 / _ccomp. Juan Fidel Zorrilla. |
| 260 |
_aMéxico : _bGobierno del Estado de Tamaulipas : _bInstituto Mora, _c1990. |
||
| 300 | _a2 v. | ||
| 651 | 7 |
_aTamaulipas _xHistoria _2 _924409 |
|
| 700 | 1 |
_aZorrilla Zorrilla, Juan Fidel, _d1920-1994 _ecomp. _932991 |
|
| 905 | _aLibro | ||
| 999 |
_c55375 _d55375 |
||